1040 1616 1517 1768 1576 1201 1095 1634 1488 1697 1590 1827 1578 1343 1160 1153 1254 1629 1815 1031 1351 1068 1883 1727 1445 1138 1929 1130 1606 1248 1839 1967 1171 1865 1993 1376 1128 1790 1147 1381 1941 1628 1484 1375 1231 1856 1026 1162 1417 1183 1924 1754 1004 1062 1060 1745 1963 1870 1129 1537 1870 1430 1215 1093 1620 1042 1836 1595 1340 1993 1101 1400 1108 1511 1515 1599 1442 1280 1622 1290 1649 1786 1128 1325 1038 1868 1053 1204 1539 1399 1764 1439 1027 1863 1092 1891 1484 1225 1057 BCNSPRNW ULIB Ver.6.0+V

เปลี่ยนเป็นภาษาไทย

Change to English
 แสดงรายละเอียดบรรณานุกรม
  กลับหน้าหลัก

Brief Record : Get Marc (ISO 2709) : E-mail record : QR code < ปิดหน้าต่าง
LEADER : 00000nam 2200000uu 4500
001    13399127019
003     ULIB
008    191003s2561||||th 000 0 tha d
020    ^a9786163700506
060    ^aWS440^bว519พ
100    ^aวิจารณ์ พานิช
245    ^aพลังแห่งวัยเยาว์
250    ^aพิมพ์ครั้งที่ 1
260    ^aกรุงเทพฯ :^bบริษัท แปลน พริ้นติ้ง จำกัด,^c2561
300    ^a239 หน้า;^b21 ซม.
650    ^aเด็ก^xการเรียนการสอน
945    ^p0^l0^i27858
945    ^p0^l0^i27859
999    ^aกัณชพร จุลอักษร
รายการนี้ยังไม่มีแท็ก
คุณยังไม่ได้ล็อกอิน คุณสามารถมีกิจกรรมร่วมกับเว็บไซต์ได้ แต่ต้องล็อกอินก่อน ::
  ล็อกอิน

รายการสื่อสารสนเทศ

ลำดับที่ ประเภท เลขเรียก/บาร์โค้ด สถานที่ สถานะ
1. หนังสือสำรอง
หนังสือสำรอง
WS440 ว519พ ฉ.1 
  Barcode: 27858
ห้องสมุดวิทยาเขตนครสวรรค์
►หนังสือทั่วไป:l:General Books
บนชั้น
2. วิทยาศาสตร์การแพทย์ และสุขภาพ
วิทยาศาสตร์การแพทย์ และสุขภาพ
WS440 ว519พ ฉ.2 
  Barcode: 27859
ห้องสมุดวิทยาเขตนครสวรรค์
►หนังสือทั่วไป:l:General Books
บนชั้น

รายการใกล้เคียง
    ชื่อเรื่อง [พลังแห่งวัยเยาว์]

    ผู้แต่ง [วิจารณ์ พานิช]

BibComment


ยังไม่เคยถูกคอมเมนท์

คอมเมนท์ทรัพยากรรายการนี้
  คอมเมนท์: พลังแห่งวัยเยาว์


 Copyright 2026. Bcnsprnw @Library